Guia de gestió dels residus i de l'energia de les fires locals / [coordinació: Diputació de Barcelona. Àrea de Comerç] Diputació de Barcelona. Àrea de Comerç]
ISBN:
978-84-9803-372-4
Descripción Física:
117 p. : quadres, gràf. ; 29 cm
MARC
| LEADER | 00000nam a2200000Ia 4500 | ||
|---|---|---|---|
| 001 | 22542 | ||
| 008 | 160829s2009 xx 000 0 cat d | ||
| 020 | |a 978-84-9803-372-4 | ||
| 080 | |a C-3-283 | ||
| 245 | |a Guia de gestió dels residus i de l'energia de les fires locals / [coordinació: |b Diputació de Barcelona. Àrea de Comerç] | ||
| 260 | |a Barcelona : |b la Diputació. Àrea de Comerç. Oficina de Mercats i Fires Locals, |c 2009 | ||
| 300 | |a 117 p. : |b quadres, gràf. ; |c 29 cm | ||
| 490 | |a Documents de treball. Desenvolupament econòmic ; 9 | ||
| 650 | |a Residus |x Eliminació |x Barcelona (Província) |9 49434 | ||
| 650 | 0 | |a Fires |x Barcelona (Catalunya : Província) |9 38336 | |
| 710 | 1 | |a Barcelona (Catalunya : Província). |b Oficina de Mercats i Fires Locals |9 53630 | |
| 901 | |a Arxiu | ||
| 942 | |n 1 | ||
| 952 | |0 0 |1 0 |4 0 |6 C3283 |7 1 |9 48377 |a Arxiu |b Arxiu |d 2016-12-01 |l 0 |o C-3-283 |p 22542 |r 2016-12-01 00:00:00 |w 2016-12-01 |y ARXIU | ||
| 999 | |c 52183 |d 52183 | ||